U.S. States by Capitals and Borders in 15 Seconds - Statistics

General Stats
  • This quiz has been taken 1,832 times
    1,536 since last reset
  • The average score is 22 of 50
Answers on the Map
Answers color-coded by a green-red scale on the quiz's map according to % correct below.
 
Answer Stats
State % Correct
New Mexico
82%
Oklahoma
80%
Arkansas
79%
Nevada
75%
Texas
73%
Arizona
72%
Louisiana
72%
Oregon
71%
California
67%
Wyoming
59%
Colorado
57%
Utah
57%
Idaho
56%
Missouri
56%
New York
54%
Pennsylvania
54%
Nebraska
53%
Massachusetts
51%
Connecticut
50%
Tennessee
50%
Vermont
50%
Kentucky
47%
New Jersey
47%
Alabama
46%
Georgia
45%
Kansas
45%
Iowa
43%
South Dakota
41%
Montana
39%
North Carolina
39%
Washington
35%
Illinois
34%
Ohio
32%
Indiana
31%
Florida
30%
Virginia
30%
Wisconsin
30%
West Virginia
27%
Mississippi
26%
New Hampshire
26%
Minnesota
23%
South Carolina
23%
North Dakota
22%
Michigan
21%
Maryland
19%
Alaska
18%
Rhode Island
17%
Delaware
14%
Hawaii
14%
Maine
13%
No matching quizzes found
Score Distribution
Percent of People with Each Score
Percentile by Number Answered
Your Score History
You have not taken this quiz since the last reset